00274nam a2200097Ia 450000500170000000800410001708200180005810000190007624500610009526000200015620250117103623.0250117s9999 xx 000 0 und d a306.3/62/0HUN aJohn, Hunwick. 4aThe African diaspora in the Mediterranean lands of Islam aPrincetonc2002